Paces desde abajo desafo̕s y oportunidades de otra paz /

Detalles Bibliográficos
Autor principal: Uribe Sarmiento, John Jairo
Otros Autores: Rodrg̕uez Fernǹdez, Iokię, Baquero Melo, Jairo
Formato: eBook
Lenguaje:español
Publicado: Bogot:̀ Universidad del Rosario, 2022
Materias:
Acceso en línea:Acceso restringido

MARC

LEADER 00000nam a22000007a 4500
005 2022082501411.0
007 cr|||| ||||
008 220825s2022 co |||||s|||| 00||0 spa d
020 |a 978-958-784-889-2 
035 |a 36971 
040 |a vLex 
090 |c 13844  |d 13844 
100 1 |a Uribe Sarmiento, John Jairo 
245 1 0 |a Paces desde abajo  |h [Recurso electrn̤ico] :  |b desafo̕s y oportunidades de otra paz /  |c John Jairo Uribe Sarmiento, Iokię Rodrg̕uez Fernǹdez, Jairo Baquero Melo 
256 |a Servicio en ln̕ea 
260 |a Bogot:̀  |b Universidad del Rosario,  |c 2022 
300 |a 1 recurso electrn̤ico 
506 1 |a Disponible solo en los productos indicados  |d vLex Global  |d vLex Global (Academic Edition, excluding Law Schools)  |d vLex Global (U.S. Academic Edition, Law Schools)  |d vLex Global (U.S. Academic Edition, excluding Law Schools)  |d vLex Global (Academic Edition, Law Schools) 
650 0 4 |a Ciencias sociales  |z Colombia 
700 1 |a Rodrg̕uez Fernǹdez, Iokię 
700 1 |a Baquero Melo, Jairo 
740 0 |a vLex Libros (Servicio en ln̕ea) 
856 4 0 |u https://app.vlex.com/#/sources/36971  |z Acceso restringido 
942 |c BOOK 
999 0 |a Social Sciences